Cơ sở hoá học gỗ và xenluloza
Giới thiệu khái niệm chung về phản ứng hóa học của Lignin và các chất trích li, phản ứng hóa học trong quá trình tẩy trắng Xenluloza, ứng dụng công nghiệp giấy và xử lí chất thải
Enregistré dans:
| Auteur principal: | |
|---|---|
| Format: | Livre |
| Langue: | Undetermined |
| Publié: |
Hà Nội
Khoa học và Kỹ thuật
2004
|
| Sujets: | |
| Tags: |
Ajouter un tag
Pas de tags, Soyez le premier à ajouter un tag!
|
| Thư viện lưu trữ: | Trung tâm Học liệu Trường Đại học Cần Thơ |
|---|
| LEADER | 00846nam a2200205Ia 4500 | ||
|---|---|---|---|
| 001 | CTU_101190 | ||
| 008 | 210402s9999 xx 000 0 und d | ||
| 020 | |c 37000 | ||
| 082 | |a 547.782 | ||
| 082 | |b Tr106/T.2 | ||
| 100 | |a Hồ, Sĩ Tráng | ||
| 245 | 0 | |a Cơ sở hoá học gỗ và xenluloza | |
| 245 | 0 | |c Hồ Sĩ Tráng | |
| 260 | |a Hà Nội | ||
| 260 | |b Khoa học và Kỹ thuật | ||
| 260 | |c 2004 | ||
| 520 | |a Giới thiệu khái niệm chung về phản ứng hóa học của Lignin và các chất trích li, phản ứng hóa học trong quá trình tẩy trắng Xenluloza, ứng dụng công nghiệp giấy và xử lí chất thải | ||
| 650 | |a Chemistry, organic,Cellulose | ||
| 904 | |i Hiếu | ||
| 980 | |a Trung tâm Học liệu Trường Đại học Cần Thơ | ||